Welcome to CU Library Online Public Access Catalogue (OPAC)

Proceedings of the 2nd International Conference on Management, Leadership and Government/ (Record no. 3991)

MARC details
000 -LEADER
fixed length control field 00652nam a22001817a 4500
005 - DATE AND TIME OF LATEST TRANSACTION
control field 20250220183750.0
008 - FIXED-LENGTH DATA ELEMENTS--GENERAL INFORMATION
fixed length control field 250220b |||||||| |||| 00| 0 eng d
020 ## - INTERNATIONAL STANDARD BOOK NUMBER
International Standard Book Number 9781909507982
050 ## - LIBRARY OF CONGRESS CALL NUMBER
Classification number HD30.12 PRO
245 ## - TITLE STATEMENT
Title Proceedings of the 2nd International Conference on Management, Leadership and Government/
Statement of responsibility, etc. Edited by Phil Dover, Sam Hariharan & Michael Cummings
260 ## - PUBLICATION, DISTRIBUTION, ETC.
Place of publication, distribution, etc. Massachusetts
Name of publisher, distributor, etc. Academic Conferences and Publishing International Limited
Date of publication, distribution, etc. 2014
300 ## - PHYSICAL DESCRIPTION
Extent xii. 447p.
Other physical details ill.
Dimensions 28 cm
650 ## - SUBJECT ADDED ENTRY--TOPICAL TERM
Source of heading or term Management
700 ## - ADDED ENTRY--PERSONAL NAME
Personal name Dover Phil (ed.)
700 ## - ADDED ENTRY--PERSONAL NAME
Personal name Hariharan Sam (ed.)
700 ## - ADDED ENTRY--PERSONAL NAME
Personal name Cummings Michael (ed.)
942 ## - ADDED ENTRY ELEMENTS (KOHA)
Source of classification or shelving scheme Library of Congress Classification
Koha item type Books
Suppress in OPAC No
999 ## -
-- 3991
-- 3991
Holdings
Withdrawn status Lost status Source of classification or shelving scheme Damaged status Not for loan Collection Home library Current library Shelving location Date acquired Total checkouts Full call number Barcode Date last seen Copy number Price effective from Koha item type
    Library of Congress Classification     Non-fiction Business Library (Miotso) Business Library (Miotso) General stacks 02/20/2025   HD30.12 PRO BSSM00000836 02/20/2025 1 02/20/2025 Books
    Library of Congress Classification     Non-fiction Business Library (Miotso) Business Library (Miotso) General stacks 02/20/2025   HD30.12 PRO BSSM00000837 02/20/2025 2 02/20/2025 Books
    Library of Congress Classification     Non-fiction Business Library (Miotso) Business Library (Miotso) General stacks 02/20/2025   HD30.12 PRO BSSM00000838 02/20/2025 3 02/20/2025 Books
© 2023-2024 Copyright: Central University Libraries. All Rights Reserved | Created by: Mahone Tech Office